000 00296 a2200133 4500
000 nam a22 7a 4500
100 _aA K Singh
110 _aA K Singh
245 _aUNO and working
250 _alatest edition
260 _bBinesh pub.
_c2024
264 _bBinesh pub.
_c2024
942 _cBK
999 _c395478
_d395478